Library Logo

Pioneer International University Library Catalogue

The attending physician / (Record no. 9239)

MARC details
000 -LEADER
fixed length control field 00749cam a2200265 i 4500
001 - CONTROL NUMBER
control field 4643997
003 - CONTROL NUMBER IDENTIFIER
control field OSt
005 - DATE AND TIME OF LATEST TRANSACTION
control field 20250901165803.0
008 - FIXED-LENGTH DATA ELEMENTS--GENERAL INFORMATION
fixed length control field 790412s1980 nyu 000 1 eng
010 ## - LIBRARY OF CONGRESS CONTROL NUMBER
LC control number 79001702
020 ## - INTERNATIONAL STANDARD BOOK NUMBER
Canceled/invalid ISBN 0060110848
020 ## - INTERNATIONAL STANDARD BOOK NUMBER
International Standard Book Number 0060110732 :
Terms of availability $8.95
040 ## - CATALOGING SOURCE
Original cataloging agency DLC
Transcribing agency DLC
Modifying agency DLC
050 00 - LIBRARY OF CONGRESS CALL NUMBER
Classification number PZ 4 .D673 At 1980
Item number At 1980
Classification number PS3562.A755
082 00 - DEWEY DECIMAL CLASSIFICATION NUMBER
Classification number 813/.5/4
Edition information 19
100 1# - MAIN ENTRY--PERSONAL NAME
Personal name Dominic, R. B.
245 14 - TITLE STATEMENT
Title The attending physician /
Statement of responsibility, etc. by R. B. Dominic.
250 ## - EDITION STATEMENT
Edition statement 1st ed.
260 ## - PUBLICATION, DISTRIBUTION, ETC.
Place of publication, distribution, etc. New York :
Name of publisher, distributor, etc. Harper & Row,
Date of publication, distribution, etc. c1980.
300 ## - PHYSICAL DESCRIPTION
Extent 220 p. ;
Dimensions 21 cm.
500 ## - GENERAL NOTE
General note "A Joan Kahn book."
655 #7 - INDEX TERM--GENRE/FORM
Genre/form data or focus term Detective and mystery stories.
Source of term gsafd
906 ## - LOCAL DATA ELEMENT F, LDF (RLIN)
a 7
b cbc
c orignew
d 1
e ocip
f 19
g y-gencatlg
942 ## - ADDED ENTRY ELEMENTS (KOHA)
Source of classification or shelving scheme Library of Congress Classification
Koha item type Books
Holdings
Withdrawn status Lost status Source of classification or shelving scheme Damaged status Not for loan Home library Current library Shelving location Date acquired Total checkouts Full call number Barcode Date last seen Price effective from Koha item type
    Library of Congress Classification     Main Library Main Library   02/27/2025   PZ 4 .D673 At 1980 PIU0010691 02/27/2025 02/27/2025 Books